The First Thanksgiving Feast Quiz Stats

 Plays Quiz Updated Nov 25, 2015

Challenge
Share
Tweet
Embed
Score 0/22 Timer 05:00
16 Plays Today
Food Items % Correct
Maize
92.4%
Fish
57.2%
Venison
54.2%
Dried Beans
51.7%
Squash
50.1%
Boiled Pumpkin
49.4%
Duck
35.5%
Dried Blueberries
33.5%
Goose
28%
Collard Greens
27.2%
Nuts
26.6%
Food Items % Correct
Lobster
26.1%
Onion
24.8%
Clams
23.6%
Cabbage
20.3%
Oysters
19.1%
Red and white grapes
17.1%
Mussels
13.6%
Eel
10.5%
Red and black plums
9.9%
Swan
9.2%
Parsnip
9.1%

You're not logged in!

Compare scores with friends on all Sporcle quizzes.
OR
Log In

You Might Also Like...

Show Comments

Extras

Top Quizzes Today


Score Distribution

Your Account Isn't Verified!

In order to create a playlist on Sporcle, you need to verify the email address you used during registration. Go to your Sporcle Settings to finish the process.

Report this User

Report this user for behavior that violates our Community Guidelines.

Details: